Southville International School and Colleges
Your cart is empty.
  • Cart
  • Lists
    Public lists list_1 View all
    Your lists Log in to create your own lists
  • Log in to your account
  • Your cookies
  • Search history
Southville International School and Colleges
  • Advanced search
  • Recent comments
  • Most popular
  • Libraries

Log in to your account

Log in with GOOGLE


If you do not have an external account, but do have a local account, you can still log in:

  1. Home
  2. MARC view: Si langgam at si tipaklong :
Normal view MARC view ISBD view

Si langgam at si tipaklong : (Record no. 355788)

[ view plain ]
MARC details
000 -LEADER
fixed length control field 00577nam a2200205Ia 4500
008 - FIXED-LENGTH DATA ELEMENTS--GENERAL INFORMATION
fixed length control field 180207s9999 xx 000 0 und d
020 ## - INTERNATIONAL STANDARD BOOK NUMBER
International Standard Book Number 9789715082730
050 ## - LIBRARY OF CONGRESS CALL NUMBER
Item number A581 1981
100 ## - MAIN ENTRY--PERSONAL NAME
Personal name Angeles, Alberta
245 ## - TITLE STATEMENT
Title Si langgam at si tipaklong :
245 ## - TITLE STATEMENT
Remainder of title may magandang bukas and marunong magsikap /
245 ## - TITLE STATEMENT
Statement of responsibility, etc by Alberta Angeles ; illustrated by Renato Gamos /
260 ## - PUBLICATION, DISTRIBUTION, ETC. (IMPRINT)
Place of publication, distribution, etc Metro Manila, Philippines :
260 ## - PUBLICATION, DISTRIBUTION, ETC. (IMPRINT)
Name of publisher, distributor, etc Adarna House,
260 ## - PUBLICATION, DISTRIBUTION, ETC. (IMPRINT)
Date of publication, distribution, etc 1981
300 ## - PHYSICAL DESCRIPTION
Extent unpaged :
300 ## - PHYSICAL DESCRIPTION
Other physical details chiefly colored ;
300 ## - PHYSICAL DESCRIPTION
Dimensions 22cm.
440 ## - SERIES STATEMENT/ADDED ENTRY--TITLE
Title Adarna lahi.
Holdings
Withdrawn status Lost status Damaged status Home library Current library Date acquired Total Checkouts Full call number Barcode Date last seen Price effective from Koha item type
      Stonyhurst Southville International School (Malarayat) Stonyhurst Southville International School (Malarayat) 02/07/2018   ER A581 1981 SSISM5333 02/07/2018 02/07/2018 Books

Si langgam at si tipaklong :

APA

Angeles A., .Si langgam at si tipaklong. Metro Manila, Philippines: .

Chicago

Angeles Alberta, .Si langgam at si tipaklong. Metro Manila, Philippines: .

Harvard

Angeles A., .Si langgam at si tipaklong. Metro Manila, Philippines: .

MLA

Angeles Alberta, .Metro Manila, Philippines: . .

  • Place hold
  • Print
  • Cite
  • Add to your cart (remove)
  • Save record
    BIBTEX Dublin Core MARCXML MARC (non-Unicode/MARC-8) MARC (Unicode/UTF-8) MARC (Unicode/UTF-8, Standard) MODS (XML) RIS
  • More searches
    Search for this title in:
    Other Libraries (WorldCat) Other Databases (Google Scholar) Online Stores (Bookfinder.com) Open Library (openlibrary.org)

Exporting to Dublin Core...

SOUTHVILLE LIBRARY

Southville International School and Colleges Library

1281 Tropical Ave. Cor. Luxembourg St., BF Homes International, Las Pinas City

Tel. No. 8256374 / 252358 Loc. 117/146

Powered by Koha